| 000 | 00647cam a2200217 4500 | ||
|---|---|---|---|
| 999 |
_c95 _d95 |
||
| 001 | 1244425 | ||
| 003 | OSt | ||
| 005 | 20220411092419.0 | ||
| 008 | 740214s1974 paua 001 0 eng | ||
| 010 | _a 72088844 | ||
| 020 | _a0721616879 | ||
| 040 |
_aDLC _cDLC _dDLC |
||
| 050 | 0 | 0 | _aQS4 B456a 1974 |
| 100 | 1 |
_aBergman, Ronald A.; Afifi, Adel K. _9272 |
|
| 245 | 1 | 0 | _aAtlas of Microscopic Anatomy: a companion to histology and neuroanatomy |
| 260 |
_aPhiladelphia, _bSaunders, _c1974. |
||
| 300 |
_avi, 426 p; _bcol. ill: _c27 cm. |
||
| 650 | 0 |
_aHistology _xAtlases. _9273 |
|
| 906 |
_a7 _bcbc _corignew _d2 _eopcn _f19 _gy-gencatlg |
||
| 942 |
_2z _cO_SHELF |
||